Claro : Computer Networks (Record no. 10008)

MARC details
000 -LEADER
fixed length control field 00395nam a22001217a 4500
003 - CONTROL NUMBER IDENTIFIER
control field OSt
008 - FIXED-LENGTH DATA ELEMENTS--GENERAL INFORMATION
fixed length control field 201218b ||||| |||| 00| 0 eng d
245 ## - TITLE STATEMENT
Title Claro : Computer Networks
250 ## - EDITION STATEMENT
Edition statement 2018(Jan-Mar Vol.2018, Apr-Jun Vol.2018, Jul-Sep Vol.2018, Oct-Dec Vol.2018)
260 ## - PUBLICATION, DISTRIBUTION, ETC. (IMPRINT)
Place of publication, distribution, etc Ahmedabad
Name of publisher, distributor, etc Claro Publications Private Limited
650 ## - SUBJECT ADDED ENTRY--TOPICAL TERM
Topical term or geographic name as entry element Bachelor of Computer Applications
942 ## - ADDED ENTRY ELEMENTS (KOHA)
Source of classification or shelving scheme Dewey Decimal Classification
Koha item type BOUND VOLUME
Holdings
Withdrawn status Lost status Source of classification or shelving scheme Materials specified (bound volume or other part) Damaged status Not for loan Collection code Home library Current library Date acquired Source of acquisition Serial Enumeration / chronologySerial Enumeration / Volume No. Total Checkouts Acc. no. / Barcode Date last seen Bill Date Koha item type
    Dewey Decimal Classification Bound Volume   Not For Loan BCA PIET C-LIBRARY PIET C-LIBRARY 18/12/2020 Claro Publications Private Limited 2018(Jan-Mar Vol.2018, Apr-Jun Vol.2018, Jul-Sep Vol.2018, Oct-Dec Vol.2018)   BV746 18/12/2020 09/01/2018 BOUND VOLUME

Design & Developed by: PIET Central Library
R70 Miles Stone Pattikalyana Samalkha Panipat 132102
mail ID :- [email protected], Phone No:- 0180-2569700 Ex.216